Equipes que subiram na Série D - Statistics

Estatísticas Gerais
  • Esse quiz foi jogado 112 vezes
  • A pontuação média é 37 de 53
Estatísticas das Respostas
ANO POSIÇÃO TIME ESTADO % Correto
2021 Semi-finalista ABC RN
90%
2009 Semi-finalista Chapecoense SC
87%
2020 Campeão Mirassol SP
85%
2011 Semi-finalista Cuiabá MT
83%
2015 Campeão Botafogo SP
82%
2013 Campeão Botafogo PB
82%
2016 Vice-campeão CSA AL
82%
2010 Semi-finalista Joinville SC
82%
2011 Vice-campeão Santa Cruz PE
82%
2021 Vice-campeão Campinense PB
80%
2018 Campeão Ferroviário CE
80%
2015 Vice-campeão River PI
80%
2016 Campeão Volta Redonda RJ
80%
2019 Vice-campeão Manaus AM
78%
2017 Campeão Operário PR
78%
2015 Semi-finalista Remo PA
78%
2012 Campeão Sampaio Corrêa MA
78%
2018 Vice-campeão Treze PB
78%
2011 5° Lugar* Treze PB
78%
2020 Semi-finalista Altos PI
77%
2021 Campeão Aparecidense GO
77%
2014 Semi-finalista Confiança SE
75%
2020 Vice-campeão Floresta CE
75%
2016 Semi-finalista Moto Club MA
75%
2013 Vice-campeão Juventude RS
73%
2009 Vice-campeão Macaé RJ
73%
2019 Campeão Brusque SC
72%
2019 Semi-finalista Ituano SP
72%
2018 Semi-finalista São José RS
72%
2015 Semi-finalista Ypiranga RS
72%
2014 Vice-campeão Brasil RS
70%
2017 Vice-campeão Globo RN
70%
2019 Semi-finalista Jacuipense BA
70%
2017 Semi-finalista Juazeirense BA
70%
2013 Semi-finalista Tupi MG
70%
2011 Campeão Tupi MG
70%
2018 Semi-finalista Imperatriz MA
68%
2014 Semi-finalista Londrina PR
68%
2020 Semi-finalista Novorizontino SP
68%
2010 Vice-campeão Madureira RJ
65%
2013 Semi-finalista Salgueiro PE
65%
2009 Campeão São Raimundo PA
65%
2014 Campeão Tombense MG
65%
2017 Semi-finalista Atlético Acreano AC
63%
2021 Semi-finalista Atlético Cearense CE
63%
2011 Semi-finalista Oeste SP
62%
2016 Semi-finalista São Bento SP
58%
2012 Vice-campeão CRAC GO
57%
2009 Semi-final Alecrim RN
47%
2012 Semi-finalista Baraúnas RN
45%
2010 Semi-finalista Araguaína TO
43%
2012 Semi-finalista Mogi Mirim SP
32%
2010 Campeão Gurany de Sobral CE
8%
Nenhum quiz correspondente encontrado
Distribuição das Pontuações
Porcentagem de Pessoas com Cada Pontuação
Percentil de Números Respondidos
Sua Pontuação Histórica
Você não jogou esse quiz